[Event "Sao Paulo Braga op"]
[Site "Sao Paulo"]
[Date "2011.04.24"]
[Round "9"]
[White "Cubas, Jose Fernando"]
[Black "Leitao, Rafael Duailibe"]
[Result "1/2-1/2"]
[WhiteElo "2463"]
[BlackElo "2620"]
[PlyCount "62"]
[EventDate "2011.04.20"]
[EventType "swiss"]
[EventRounds "9"]
[EventCountry "BRA"]
[SourceTitle "CBM 141 Extra"]
[Source "ChessBase"]
[SourceDate "2011.05.03"]
[SourceVersion "1"]
[SourceVersionDate "2011.05.03"]
[SourceQuality "1"]

1. e4 c5 2. Nc3 Nc6 3. f4 g6 4. Nf3 Bg7 5. Bb5 Nd4 6. O-O a6 7. Bd3 d6 8. Nxd4
cxd4 9. Ne2 Nf6 10. Kh1 O-O 11. Nxd4 Nxe4 12. Bxe4 Bxd4 13. c3 Bg7 14. Qf3 Rb8
15. f5 Bxf5 16. Bxf5 gxf5 17. Qxf5 Qc8 18. Qg5 Qc4 19. Kg1 e5 20. d4 exd4 21.
cxd4 Rbe8 22. Bf4 Qxd4+ 23. Kh1 Re6 24. Rad1 Qxb2 25. Bxd6 Rfe8 26. Qf5 Rf6 27.
Qd7 Qb5 28. Qxb5 axb5 29. Rxf6 Bxf6 30. Bb4 Re2 31. a3 Be7 1/2-1/2

[Event "Sao Paulo Masters 2nd"]
[Site "Sao Paulo"]
[Date "2011.05.10"]
[Round "1.1"]
[White "Cubas, Jose Fernando"]
[Black "Oliveira, Jefferson dos Santo"]
[Result "1-0"]
[WhiteElo "2505"]
[BlackElo "2256"]
[PlyCount "57"]
[EventDate "2011.05.10"]
[EventType "k.o. (blitz)"]
[EventRounds "4"]
[EventCountry "BRA"]
[SourceTitle "CBM 142 Extra"]
[Source "ChessBase"]
[SourceDate "2011.06.27"]
[SourceVersion "1"]
[SourceVersionDate "2011.06.27"]
[SourceQuality "1"]

1. e4 c5 2. Nc3 d6 3. f4 Nc6 4. Nf3 e6 5. g3 g6 6. Bg2 Bg7 7. d3 Nge7 8. O-O
O-O 9. Be3 Nd4 10. Qd2 Nec6 11. Nd1 b5 12. Ne1 b4 13. c3 Nb5 14. e5 Bb7 15.
cxb4 cxb4 16. d4 dxe5 17. dxe5 Qxd2 18. Bxd2 a5 19. Nd3 Rad8 20. N1f2 Ba8 21.
Be3 Ncd4 22. Bxa8 Rxa8 23. Rad1 Rfd8 24. Ne4 Rac8 25. Ndc5 Rd5 26. Kg2 Nc2 27.
Bf2 Nbd4 28. Rd3 Bf8 29. Nf6+ 1-0

[Event "Sao Paulo Masters 2nd"]
[Site "Sao Paulo"]
[Date "2011.05.10"]
[Round "1.2"]
[White "Oliveira, Jefferson dos Santo"]
[Black "Cubas, Jose Fernando"]
[Result "0-1"]
[WhiteElo "2256"]
[BlackElo "2505"]
[PlyCount "66"]
[EventDate "2011.05.10"]
[EventType "k.o. (blitz)"]
[EventRounds "4"]
[EventCountry "BRA"]
[SourceTitle "CBM 142 Extra"]
[Source "ChessBase"]
[SourceDate "2011.06.27"]
[SourceVersion "1"]
[SourceVersionDate "2011.06.27"]
[SourceQuality "1"]

1. e4 c5 2. Nf3 Nc6 3. d4 cxd4 4. Nxd4 e5 5. Nb5 d6 6. N1c3 a6 7. Na3 b5 8. Nd5
Nge7 9. c4 Nxd5 10. exd5 Nd4 11. cxb5 Be7 12. Bd3 O-O 13. O-O f5 14. f4 axb5
15. Be3 Bf6 16. Bxd4 exd4 17. Nxb5 Qb6 18. Qb3 Bd7 19. a4 Rfb8 20. Qb4 g6 21.
Rfc1 Bxb5 22. Bxb5 d3+ 23. Kh1 Qf2 24. Qxd6 Bxb2 25. Rf1 Qb6 26. Qxb6 Rxb6 27.
Rad1 Rd8 28. Rxd3 Kg7 29. Rf2 Bf6 30. Rc2 Rbd6 31. Bc6 h5 32. a5 Rb8 33. g3
Rb1+ 0-1

[Event "Sao Paulo Masters 2nd"]
[Site "Sao Paulo"]
[Date "2011.05.10"]
[Round "2.1"]
[White "Fier, Alexandr"]
[Black "Cubas, Jose Fernando"]
[Result "1/2-1/2"]
[WhiteElo "2560"]
[BlackElo "2505"]
[PlyCount "108"]
[EventDate "2011.05.10"]
[EventType "k.o. (blitz)"]
[EventRounds "4"]
[EventCountry "BRA"]
[SourceTitle "CBM 142 Extra"]
[Source "ChessBase"]
[SourceDate "2011.06.27"]
[SourceVersion "1"]
[SourceVersionDate "2011.06.27"]
[SourceQuality "1"]

1. d4 d5 2. c4 Nc6 3. Nc3 dxc4 4. d5 Ne5 5. Qd4 Nd7 6. e4 Nb6 7. Bg5 Nf6 8. Nf3
h6 9. Bh4 g5 10. Bg3 Bg7 11. Qc5 Nfd7 12. Qxc7 Qxc7 13. Bxc7 Nc5 14. e5 Na6 15.
Bxb6 axb6 16. Bxc4 g4 17. Bb5+ Bd7 18. Bxd7+ Kxd7 19. e6+ fxe6 20. dxe6+ Kxe6
21. Nd2 Rhd8 22. Ke2 Nc5 23. Nc4 Kf7 24. Nxb6 Ra6 25. Nc4 Re6+ 26. Ne3 Bxc3 27.
bxc3 Ne4 28. Rhe1 Rd2+ 29. Kf1 Nxf2 30. Nc4 Rc2 31. Rxe6 Kxe6 32. Re1+ Kf7 33.
Ne5+ Kg7 34. a4 h5 35. Re2 Rxe2 36. Kxe2 Ne4 37. Ke3 Nxc3 38. a5 Kf6 39. Nd7+
Kf5 40. Nc5 Nb5 41. Nxb7 Nc7 42. Kd4 e5+ 43. Kc5 e4 44. Nd6+ Kf4 45. Kb6 e3 46.
g3+ Kf3 47. Nf5 Nd5+ 48. Kc5 Nc7 49. Kb6 Nd5+ 50. Kc6 Nb4+ 51. Kb5 Nd5 52. Kc5
Nc7 53. Kc6 Na6 54. Kb5 Nc7+ 1/2-1/2

[Event "Sao Paulo Masters 2nd"]
[Site "Sao Paulo"]
[Date "2011.05.10"]
[Round "2.2"]
[White "Cubas, Jose Fernando"]
[Black "Fier, Alexandr"]
[Result "1-0"]
[WhiteElo "2505"]
[BlackElo "2560"]
[PlyCount "69"]
[EventDate "2011.05.10"]
[EventType "k.o. (blitz)"]
[EventRounds "4"]
[EventCountry "BRA"]
[SourceTitle "CBM 142 Extra"]
[Source "ChessBase"]
[SourceDate "2011.06.27"]
[SourceVersion "1"]
[SourceVersionDate "2011.06.27"]
[SourceQuality "1"]

1. e4 Nf6 2. e5 Nd5 3. c4 Nb6 4. d4 d6 5. exd6 exd6 6. Bd3 Be7 7. Nf3 Bg4 8.
O-O O-O 9. h3 Bh5 10. Nc3 Nc6 11. Be3 Bf6 12. g4 Bg6 13. Bxg6 hxg6 14. g5 Be7
15. d5 Ne5 16. Nxe5 dxe5 17. Qg4 Qd7 18. b3 Qxg4+ 19. hxg4 f5 20. gxf6 gxf6 21.
f4 exf4 22. Bxf4 Bc5+ 23. Kg2 Bd4 24. Rac1 c6 25. d6 Rad8 26. Ne4 c5 27. Rcd1
Nc8 28. Rd3 f5 29. gxf5 gxf5 30. Rg3+ Bg7 31. Be5 Rd7 32. Nf6+ Rxf6 33. Bxf6
Nxd6 34. Rd1 Rf7 35. Rxd6 1-0

[Event "Sao Paulo Masters 2nd"]
[Site "Sao Paulo"]
[Date "2011.05.10"]
[Round "3.1"]
[White "Milos, Gilberto"]
[Black "Cubas, Jose Fernando"]
[Result "1-0"]
[WhiteElo "2597"]
[BlackElo "2505"]
[PlyCount "61"]
[EventDate "2011.05.10"]
[EventType "k.o. (blitz)"]
[EventRounds "4"]
[EventCountry "BRA"]
[SourceTitle "CBM 142 Extra"]
[Source "ChessBase"]
[SourceDate "2011.06.27"]
[SourceVersion "1"]
[SourceVersionDate "2011.06.27"]
[SourceQuality "1"]

1. c4 e5 2. g3 Nf6 3. Bg2 d5 4. cxd5 Nxd5 5. Nf3 Nc6 6. O-O Nb6 7. d3 Be7 8. a3
O-O 9. Nbd2 Re8 10. b4 a5 11. b5 Nd4 12. Bb2 Nxf3+ 13. Nxf3 Bf6 14. Qc2 Bd7 15.
a4 c6 16. bxc6 Bxc6 17. Nd2 Rc8 18. Bxc6 Rxc6 19. Qb3 g6 20. Rfc1 Rxc1+ 21.
Rxc1 Re6 22. Ne4 Bg7 23. Nc5 Rc6 24. Nxb7 Rxc1+ 25. Bxc1 Qc7 26. Be3 Nxa4 27.
Qxa4 Qxb7 28. Qe8+ Bf8 29. Bc5 Qb1+ 30. Kg2 Qb7+ 31. f3 1-0

[Event "Sao Paulo Masters 2nd"]
[Site "Sao Paulo"]
[Date "2011.05.10"]
[Round "3.2"]
[White "Cubas, Jose Fernando"]
[Black "Milos, Gilberto"]
[Result "1-0"]
[WhiteElo "2505"]
[BlackElo "2597"]
[PlyCount "127"]
[EventDate "2011.05.10"]
[EventType "k.o. (blitz)"]
[EventRounds "4"]
[EventCountry "BRA"]
[SourceTitle "CBM 142 Extra"]
[Source "ChessBase"]
[SourceDate "2011.06.27"]
[SourceVersion "1"]
[SourceVersionDate "2011.06.27"]
[SourceQuality "1"]

1. e4 e5 2. Nf3 Nc6 3. Bc4 Nf6 4. d3 Be7 5. O-O O-O 6. Re1 d6 7. a4 h6 8. h3
Nh7 9. Nc3 Ng5 10. Nd5 Nxf3+ 11. Qxf3 Nd4 12. Qd1 c6 13. Nxe7+ Qxe7 14. c3 Ne6
15. d4 Qf6 16. dxe5 dxe5 17. Re3 Nf4 18. Rf3 Be6 19. Bxe6 fxe6 20. Bxf4 exf4
21. Qb3 Qe5 22. Re1 b5 23. axb5 cxb5 24. Rd3 Rad8 25. Rd4 f3 26. g3 Rxd4 27.
cxd4 Qxd4 28. Qxe6+ Kh8 29. Qb3 Rd8 30. Qxf3 Qxb2 31. e5 Qd2 32. Qe4 Rf8 33.
Re2 Qd1+ 34. Kg2 Rc8 35. e6 Rc1 36. Kf3 Rc3+ 37. Kg2 Rc1 38. g4 Qg1+ 39. Kf3
Rc3+ 40. Kf4 Qh2+ 41. Kf5 Qd6 42. Kg6 Qf8 43. Qf5 Qe8+ 44. Qf7 Qb8 45. e7 Rc6+
46. Re6 Rxe6+ 47. Qxe6 Qe8+ 48. Qf7 Qc6+ 49. Kh5 Qc5+ 50. Kh4 Qg5+ 51. Kg3 Qe5+
52. Kg2 Qe4+ 53. Kf1 Qb1+ 54. Kg2 Qe4+ 55. f3 Qe2+ 56. Kg3 Qe5+ 57. Kg2 Qe2+
58. Kg3 Qe5+ 59. f4 Qe3+ 60. Kh4 g5+ 61. Kh5 Qxh3+ 62. Kg6 Qd3+ 63. f5 Qd6+ 64.
Qf6+ 1-0

[Event "Sao Paulo Masters 2nd"]
[Site "Sao Paulo"]
[Date "2011.05.10"]
[Round "3.3"]
[White "Milos, Gilberto"]
[Black "Cubas, Jose Fernando"]
[Result "1-0"]
[WhiteElo "2597"]
[BlackElo "2505"]
[PlyCount "63"]
[EventDate "2011.05.10"]
[EventType "k.o. (blitz)"]
[EventRounds "4"]
[EventCountry "BRA"]
[SourceTitle "CBM 142 Extra"]
[Source "ChessBase"]
[SourceDate "2011.06.27"]
[SourceVersion "1"]
[SourceVersionDate "2011.06.27"]
[SourceQuality "1"]

1. c4 e5 2. g3 Nf6 3. Bg2 d5 4. cxd5 Nxd5 5. Nf3 Nc6 6. O-O Nb6 7. d3 Be7 8. a3
a5 9. b3 O-O 10. Bb2 f6 11. Nbd2 Be6 12. Rc1 Bd5 13. Qc2 Qe8 14. Rfd1 Qf7 15.
Nc4 Rfd8 16. Rb1 a4 17. Nfd2 axb3 18. Qxb3 Nxc4 19. Nxc4 Na5 20. Bxd5 Qxd5 21.
Nxa5 Rxa5 22. Qc3 c6 23. e4 Qb5 24. d4 exd4 25. Rxd4 Rxd4 26. Qxd4 Bxa3 27.
Qd8+ Kf7 28. Qd7+ Be7 29. e5 fxe5 30. Qf5+ Bf6 31. Bc3 g6 32. Qd7+ 1-0

[Event "Sao Paulo Masters 2nd"]
[Site "Sao Paulo"]
[Date "2011.05.10"]
[Round "4.1"]
[White "El Debs, Felipe de Cresce"]
[Black "Cubas, Jose Fernando"]
[Result "1-0"]
[WhiteElo "2497"]
[BlackElo "2505"]
[PlyCount "161"]
[EventDate "2011.05.10"]
[EventType "k.o. (blitz)"]
[EventRounds "4"]
[EventCountry "BRA"]
[SourceTitle "CBM 142 Extra"]
[Source "ChessBase"]
[SourceDate "2011.06.27"]
[SourceVersion "1"]
[SourceVersionDate "2011.06.27"]
[SourceQuality "1"]

1. Nf3 d5 2. d4 Nf6 3. c4 c6 4. Qb3 g6 5. Bf4 Bg7 6. e3 O-O 7. Nc3 e6 8. Be2
Nbd7 9. O-O Re8 10. Rac1 a6 11. c5 Nh5 12. Bg5 Qc7 13. e4 Nf4 14. Rfe1 h6 15.
Bh4 b6 16. cxb6 Qxb6 17. Qxb6 Nxb6 18. Bf1 Bd7 19. Bg3 g5 20. h4 Ng6 21. hxg5
hxg5 22. Bc7 Nc8 23. e5 g4 24. Nh2 g3 25. fxg3 Nce7 26. Bd3 Bh6 27. Rc2 Ra7 28.
Bd6 Nc8 29. Bc5 Ra8 30. Nf3 Bg7 31. Rf1 Nce7 32. Ng5 Nf5 33. Kf2 Bh6 34. Bxf5
Bxg5 35. Bd3 a5 36. Ne2 Reb8 37. Kf3 a4 38. Nf4 Kg7 39. Rh1 Rh8 40. Rcc1 Rxh1
41. Rxh1 Rb8 42. Ba3 Be7 43. Bxg6 Bxa3 44. Rh7+ Kg8 45. bxa3 Be8 46. Bd3 Rb2
47. Nh5 Kf8 48. Nf6 Ke7 49. Rh8 Bd7 50. Ra8 Rb7 51. Rxa4 c5 52. Nxd7 Kxd7 53.
dxc5 Kc6 54. Rb4 Ra7 55. a4 Kxc5 56. Rb5+ Kd4 57. Bc2 Rc7 58. Bb3 Rc3+ 59. Kf4
Rc1 60. a5 Rc7 61. a6 Ra7 62. Rb6 Kc5 63. Rb7 Rxa6 64. Rxf7 d4 65. Rd7 Ra8 66.
Ke4 Rg8 67. Rc7+ Kb4 68. Kxd4 Rg4+ 69. Ke3 Rxg3+ 70. Kf4 Rxg2 71. Bxe6 Re2 72.
Bb3 Kb5 73. e6 Rf2+ 74. Ke5 Kb6 75. Rc1 Re2+ 76. Kd6 Rd2+ 77. Bd5 Ka7 78. e7
Re2 79. Be6 Rd2+ 80. Kc5 Re2 81. e8=Q 1-0

[Event "Sao Paulo Masters 2nd"]
[Site "Sao Paulo"]
[Date "2011.05.10"]
[Round "4.2"]
[White "Cubas, Jose Fernando"]
[Black "El Debs, Felipe de Cresce"]
[Result "0-1"]
[WhiteElo "2505"]
[BlackElo "2497"]
[PlyCount "180"]
[EventDate "2011.05.10"]
[EventType "k.o. (blitz)"]
[EventRounds "4"]
[EventCountry "BRA"]
[SourceTitle "CBM 142 Extra"]
[Source "ChessBase"]
[SourceDate "2011.06.27"]
[SourceVersion "1"]
[SourceVersionDate "2011.06.27"]
[SourceQuality "1"]

1. e4 c6 2. d4 d5 3. e5 c5 4. c3 Nc6 5. Be3 Bf5 6. Qb3 cxd4 7. Bxd4 Qd7 8. Nf3
e6 9. Nbd2 Nge7 10. Be2 Bg4 11. h3 Bxf3 12. Nxf3 Nf5 13. O-O Be7 14. Rfd1 O-O
15. c4 Nfxd4 16. Nxd4 dxc4 17. Qxc4 Nxe5 18. Nf5 Qe8 19. Qc3 exf5 20. Qxe5 Bf6
21. Qxe8 Rfxe8 22. Bf3 Rad8 23. Bxb7 Bxb2 24. Rab1 Bd4 25. Kf1 Bb6 26. a4 Rxd1+
27. Rxd1 Rd8 28. Rc1 Rd2 29. Rc8+ Rd8 30. Rc4 Rd2 31. Ke1 Rd4 32. Rc8+ Rd8 33.
Rc4 Rd4 34. Rc8+ Rd8 35. Rc2 g6 36. Ke2 Rd4 37. Bc6 Rd6 38. Bb5 Rd4 39. g3 Kg7
40. f4 Re4+ 41. Kf3 Re3+ 42. Kg2 Ra3 43. Rd2 a6 44. Be8 Re3 45. Bc6 Re6 46. Rc2
h5 47. h4 a5 48. Bb5 Bd4 49. Rc7 Kf6 50. Bc4 Re7 51. Rc6+ Kg7 52. Rd6 Bc3 53.
Rd5 Bb4 54. Kf3 Bc3 55. Rc5 Bb4 56. Rc6 Bd2 57. Kf2 Be1+ 58. Kf3 Bd2 59. Bd5
Be1 60. Rc2 Bb4 61. Bc4 Rc7 62. Ke3 Be1 63. Kf3 Bb4 64. Ke2 Re7+ 65. Kd3 Rd7+
66. Ke3 Re7+ 67. Kf3 Rc7 68. Ke3 Be1 69. Kf3 Bb4 70. Ke2 Re7+ 71. Kd3 Rd7+ 72.
Ke3 Re7+ 73. Kd4 Re4+ 74. Kd5 Re3 75. Kc6 Rxg3 76. Re2 Kf6 77. Re8 Rc3 78. Kb5
Rf3 79. Rc8 Rxf4 80. Rc7 Be7 81. Rc6+ Kg7 82. Kxa5 Rxh4 83. Kb5 Re4 84. a5 Re5+
85. Ka4 Bc5 86. a6 h4 87. Rc7 h3 88. Bxf7 Kh6 89. Bg8 Kg5 90. Be6 Rxe6 0-1

[Event "Asuncion zt 2.5"]
[Site "Asuncion"]
[Date "2011.05.16"]
[Round "1"]
[White "Richter Becerra, Hans"]
[Black "Cubas, Jose Fernando"]
[Result "1/2-1/2"]
[WhiteElo "2148"]
[BlackElo "2505"]
[PlyCount "112"]
[EventDate "2011.05.16"]
[EventType "swiss"]
[EventRounds "9"]
[EventCountry "PAR"]
[SourceTitle "CBM 142 Extra"]
[Source "ChessBase"]
[SourceDate "2011.06.27"]
[SourceVersion "1"]
[SourceVersionDate "2011.06.27"]
[SourceQuality "1"]

1. d4 Nf6 2. c4 e6 3. Nc3 c5 4. d5 exd5 5. cxd5 d6 6. e4 g6 7. Bd3 Bg7 8. h3
O-O 9. Nf3 Re8 10. O-O b6 11. Re1 Ba6 12. a4 Bxd3 13. Qxd3 Nfd7 14. Bf4 Ne5 15.
Nxe5 Bxe5 16. Bxe5 Rxe5 17. f4 Re8 18. e5 dxe5 19. fxe5 Nc6 20. Qg3 Nd4 21. Ne4
Kg7 22. Nf6 Nc2 23. Nxe8+ Qxe8 24. Qf2 Nxa1 25. Qf6+ Kg8 26. Rxa1 Qd7 27. e6
fxe6 28. dxe6 Qg7 29. Qf3 Rf8 30. Qd5 Qd4+ 31. Qxd4 cxd4 32. Rd1 Rf4 33. g3 Re4
34. Kf2 Kf8 35. Kf3 Re3+ 36. Kf2 Re4 37. Kf3 Re3+ 38. Kf2 Rb3 39. Rxd4 Ke7 40.
Rd7+ Kxe6 41. Rxa7 h5 42. a5 b5 43. Ra6+ Kf5 44. Rb6 g5 45. a6 Rxb2+ 46. Kf3
Rb3+ 47. Kf2 Ke4 48. a7 Ra3 49. Kg1 Ra2 50. Rxb5 g4 51. Rxh5 Kf3 52. hxg4 Kxg3
53. Kf1 Rxa7 54. Rg5 Ra4 55. Rg8 Rxg4 56. Rxg4+ Kxg4 1/2-1/2

[Event "Asuncion zt 2.5"]
[Site "Asuncion"]
[Date "2011.05.17"]
[Round "2"]
[White "Cubas, Jose Fernando"]
[Black "Mesias Rojas, Rabindranath"]
[Result "1-0"]
[WhiteElo "2505"]
[BlackElo "2205"]
[PlyCount "59"]
[EventDate "2011.05.16"]
[EventType "swiss"]
[EventRounds "9"]
[EventCountry "PAR"]
[SourceTitle "CBM 142 Extra"]
[Source "ChessBase"]
[SourceDate "2011.06.27"]
[SourceVersion "1"]
[SourceVersionDate "2011.06.27"]
[SourceQuality "1"]

1. e4 c5 2. Nc3 a6 3. f4 b5 4. Nf3 Bb7 5. d3 e6 6. g3 d5 7. Qe2 d4 8. Nd1 Nc6
9. Bg2 Qc7 10. O-O Be7 11. Nf2 h5 12. c3 Qb6 13. Bd2 Nf6 14. e5 Nd5 15. c4 bxc4
16. dxc4 Ne3 17. Bxe3 dxe3 18. Qxe3 Nd4 19. Nxd4 Bxg2 20. Kxg2 cxd4 21. Qe4 O-O
22. Nd3 Rac8 23. Rac1 a5 24. Rc2 Bc5 25. f5 exf5 26. Rxf5 g6 27. Rcf2 Qd8 28.
Rf6 Be7 29. Ra6 Bg5 30. h4 1-0

[Event "Asuncion zt 2.5"]
[Site "Asuncion"]
[Date "2011.05.18"]
[Round "3"]
[White "Latorre, Manuel"]
[Black "Cubas, Jose Fernando"]
[Result "0-1"]
[WhiteElo "2312"]
[BlackElo "2505"]
[PlyCount "134"]
[EventDate "2011.05.16"]
[EventType "swiss"]
[EventRounds "9"]
[EventCountry "PAR"]
[SourceTitle "CBM 142 Extra"]
[Source "ChessBase"]
[SourceDate "2011.06.27"]
[SourceVersion "1"]
[SourceVersionDate "2011.06.27"]
[SourceQuality "1"]

1. d4 d5 2. Nf3 Nf6 3. c4 c6 4. e3 g6 5. Qb3 Bg7 6. Nc3 O-O 7. Be2 a5 8. cxd5
Nxd5 9. O-O Nb6 10. Rd1 a4 11. Qb4 Na6 12. Qa5 Nb8 13. Qb4 Nd5 14. Nxd5 cxd5
15. Bd2 Nc6 16. Qc5 e6 17. b3 axb3 18. axb3 Bd7 19. Rxa8 Qxa8 20. Qb6 Rc8 21.
b4 Bf6 22. b5 Bd8 23. Qc5 Ne5 24. Qd6 Bc7 25. Qb4 Nxf3+ 26. Bxf3 Qb8 27. h3
Bh2+ 28. Kf1 Bd6 29. Qb2 Rc4 30. Be2 Ra4 31. Ra1 Qa7 32. Rxa4 Qxa4 33. Ke1 Kf8
34. Bd3 Ke8 35. Be2 Kd8 36. Qc3 Ke7 37. Qb2 Ke8 38. Bd3 Ke7 39. Be2 h5 40. f4
g5 41. fxg5 Bg3+ 42. Kf1 Kd8 43. Qc3 b6 44. e4 h4 45. exd5 Bxb5 46. Be1 Qa6 47.
Bxg3 Bxe2+ 48. Ke1 hxg3 49. Qxg3 Bc4 50. Qd6+ Ke8 51. Qc6+ Kf8 52. Qd6+ Kg8 53.
Qd8+ Kh7 54. Qf6 Qa1+ 55. Kd2 Qb2+ 56. Kd1 Qe2+ 57. Kc1 Qf1+ 58. Qxf1 Bxf1 59.
d6 Bb5 60. g4 Kg6 61. h4 e5 62. dxe5 Bd7 63. Kd2 Bxg4 64. Ke3 Kh5 65. Kf4 Kxh4
66. g6 fxg6 67. Ke4 Be6 0-1

[Event "Asuncion zt 2.5"]
[Site "Asuncion"]
[Date "2011.05.19"]
[Round "4"]
[White "Cubas, Jose Fernando"]
[Black "Valdes Escobar, Alvaro Daniel"]
[Result "1-0"]
[WhiteElo "2505"]
[BlackElo "2419"]
[PlyCount "79"]
[EventDate "2011.05.16"]
[EventType "swiss"]
[EventRounds "9"]
[EventCountry "PAR"]
[SourceTitle "CBM 142 Extra"]
[Source "ChessBase"]
[SourceDate "2011.06.27"]
[SourceVersion "1"]
[SourceVersionDate "2011.06.27"]
[SourceQuality "1"]

1. e4 c5 2. Nf3 d6 3. d4 cxd4 4. Nxd4 Nf6 5. Nc3 Nc6 6. f3 e5 7. Nb3 Be7 8. Be3
O-O 9. Qd2 a5 10. Bb5 Na7 11. Be2 Nc6 12. a3 a4 13. Nc1 Be6 14. Nd5 Bxd5 15.
exd5 Nb8 16. Na2 Qa5 17. Nb4 Bd8 18. O-O-O Bb6 19. g4 Bxe3 20. Qxe3 Nbd7 21. f4
exf4 22. Qxf4 Ne5 23. h4 Nfd7 24. h5 Rac8 25. Kb1 Qc5 26. Bd3 Nxd3 27. cxd3
Rce8 28. g5 Re7 29. Rde1 Rfe8 30. Rxe7 Rxe7 31. Rc1 Qb6 32. Rc8+ Nf8 33. h6
Qg1+ 34. Ka2 Qd1 35. hxg7 Qb3+ 36. Kb1 Re1+ 37. Rc1 Rxc1+ 38. Kxc1 Kxg7 39.
Qf6+ Kg8 40. Qxd6 1-0

[Event "Asuncion zt 2.5"]
[Site "Asuncion"]
[Date "2011.05.20"]
[Round "5"]
[White "Latorre Lopez Moreira, Luis Matias"]
[Black "Cubas, Jose Fernando"]
[Result "0-1"]
[WhiteElo "2197"]
[BlackElo "2505"]
[PlyCount "90"]
[EventDate "2011.05.16"]
[EventType "swiss"]
[EventRounds "9"]
[EventCountry "PAR"]
[SourceTitle "CBM 142 Extra"]
[Source "ChessBase"]
[SourceDate "2011.06.27"]
[SourceVersion "1"]
[SourceVersionDate "2011.06.27"]
[SourceQuality "1"]

1. d4 d5 2. c4 c6 3. Nf3 e6 4. e3 f5 5. Bd3 Nf6 6. b3 Bd6 7. O-O Qe7 8. Bb2 O-O
9. Qc1 Nbd7 10. Ba3 Ne4 11. Bxd6 Qxd6 12. Qa3 c5 13. Rd1 b6 14. Nbd2 Bb7 15.
cxd5 exd5 16. Rac1 a6 17. dxc5 Ndxc5 18. b4 Nxd3 19. Qxd3 Qxb4 20. Rc7 Qd6 21.
Rxb7 Nc5 22. Rxb6 Qxb6 23. Qxd5+ Kh8 24. Ne5 Qc7 25. Ndc4 Ne4 26. f3 Nc3 27.
Qd7 Qc5 28. Rd3 Ra7 29. Qe6 Re7 30. Qxa6 Rxe5 31. Nxe5 Qxe5 32. Qc4 Ne4 33. h3
Qa1+ 34. Kh2 Qe5+ 35. Kg1 Ng5 36. f4 Qa1+ 37. Kh2 Ne4 38. Rd4 h6 39. Rd5 Qe1
40. Rxf5 Qg3+ 41. Kg1 Qxe3+ 42. Kh2 Rb8 43. Qc2 Qg3+ 44. Kg1 Nc3 45. Kf1 Rb1+
0-1

[Event "Asuncion zt 2.5"]
[Site "Asuncion"]
[Date "2011.05.22"]
[Round "7"]
[White "Pierrot, Juan Facundo"]
[Black "Cubas, Jose Fernando"]
[Result "1/2-1/2"]
[WhiteElo "2449"]
[BlackElo "2505"]
[PlyCount "123"]
[EventDate "2011.05.16"]
[EventType "swiss"]
[EventRounds "9"]
[EventCountry "PAR"]
[SourceTitle "CBM 142 Extra"]
[Source "ChessBase"]
[SourceDate "2011.06.27"]
[SourceVersion "1"]
[SourceVersionDate "2011.06.27"]
[SourceQuality "1"]

1. e4 e6 2. d4 d5 3. Nd2 Nf6 4. e5 Nfd7 5. Bd3 c5 6. c3 Nc6 7. Ne2 cxd4 8. cxd4
f6 9. exf6 Nxf6 10. Nf3 Bd6 11. O-O Qc7 12. g3 O-O 13. Bf4 Bd7 14. Rc1 Ng4 15.
Qd2 Rf6 16. h3 e5 17. dxe5 Ngxe5 18. Nxe5 Bxe5 19. Bb5 Qd6 20. Rfd1 Bxh3 21.
Qxd5+ Qxd5 22. Rxd5 Bxb2 23. Rb1 Ba3 24. Bg5 Rf7 25. Nf4 Bf5 26. Rb3 Be4 27.
Bc4 Bxd5 28. Bxd5 Bb4 29. Nd3 a5 30. Nxb4 axb4 31. Rf3 Ne5 32. Rf5 Re8 33. Bf4
Kf8 34. Rxe5 Rxe5 35. Bxe5 Rd7 36. Bb3 g5 37. Kg2 g4 38. Kf1 b5 39. Bf4 Kg7 40.
Be6 Ra7 41. Bd2 Kf6 42. Bb3 Ke5 43. Bxb4 Kd4 44. Ke2 h5 45. a3 Rh7 46. Bc2 Rh6
47. Bd3 Rb6 48. Kd2 Kd5 49. Ke3 Re6+ 50. Kf4 Kd4 51. Kf5 Re5+ 52. Kf6 h4 53.
gxh4 Rh5 54. Bg6 Rxh4 55. Bd6 Kd5 56. Bg3 Rh8 57. Bd3 Kc5 58. Bf4 Ra8 59. Be3+
Kd5 60. Bxb5 Rxa3 61. Bf4 Rf3 62. Kg5 1/2-1/2

[Event "Asuncion zt 2.5"]
[Site "Asuncion"]
[Date "2011.05.23"]
[Round "8"]
[White "Cubas, Jose Fernando"]
[Black "Flores, Diego"]
[Result "1/2-1/2"]
[WhiteElo "2505"]
[BlackElo "2611"]
[PlyCount "135"]
[EventDate "2011.05.16"]
[EventType "swiss"]
[EventRounds "9"]
[EventCountry "PAR"]
[SourceTitle "CBM 142 Extra"]
[Source "ChessBase"]
[SourceDate "2011.06.27"]
[SourceVersion "1"]
[SourceVersionDate "2011.06.27"]
[SourceQuality "1"]

1. e4 c5 2. Nf3 e6 3. d4 cxd4 4. Nxd4 a6 5. Nc3 b5 6. Bd3 Bb7 7. O-O Ne7 8. Qe2
Nbc6 9. Nb3 Ng6 10. f4 Be7 11. Be3 d6 12. Rad1 O-O 13. Qh5 Nb4 14. Rf3 Re8 15.
Rh3 Nf8 16. a3 Nxd3 17. cxd3 Rc8 18. Bd4 g6 19. Qh6 e5 20. Be3 Bf6 21. fxe5
dxe5 22. Rf3 Bg7 23. Qh3 Ne6 24. Rdf1 Rf8 25. Bh6 b4 26. axb4 Qb6+ 27. Nc5 Nxc5
28. bxc5 Qxc5+ 29. Be3 Qe7 30. R3f2 f6 31. d4 exd4 32. Bxd4 Bxe4 33. Bxf6 Bxf6
34. Rxf6 Qc5+ 35. Kh1 Rxf6 36. Rxf6 Bf5 37. Qh4 a5 38. h3 Rb8 39. Qe1 Rd8 40.
Ra6 Rf8 41. Qd1 Bc2 42. Qd5+ Qxd5 43. Nxd5 a4 44. Nc3 Rf2 45. Kg1 Rd2 46. Nxa4
Be4 47. g4 Rg2+ 48. Kf1 Rh2 49. Nc5 Bd5 50. Rd6 Bc4+ 51. Kg1 Rxh3 52. Kg2 Re3
53. Rd7 Bb5 54. Rc7 h5 55. gxh5 gxh5 56. Kf2 Re2+ 57. Kg3 Rxb2 58. Ne4 h4+ 59.
Kf4 h3 60. Rc8+ Kg7 61. Kg3 Bf1 62. Rc1 Bg2 63. Nf2 Rb3+ 64. Kh2 Kg6 65. Nxh3
Bxh3 66. Rg1+ Kf5 67. Rg3 Rxg3 68. Kxg3 1/2-1/2

[Event "Asuncion zt 2.5"]
[Site "Asuncion"]
[Date "2011.05.24"]
[Round "9"]
[White "Cubas, Jose Fernando"]
[Black "Felgaer, Ruben Alejandro"]
[Result "0-1"]
[WhiteElo "2505"]
[BlackElo "2570"]
[PlyCount "105"]
[EventDate "2011.05.16"]
[EventType "swiss"]
[EventRounds "9"]
[EventCountry "PAR"]
[SourceTitle "CBM 142 Extra"]
[Source "ChessBase"]
[SourceDate "2011.06.27"]
[SourceVersion "1"]
[SourceVersionDate "2011.06.27"]
[SourceQuality "1"]

1. e4 c5 2. Nf3 Nc6 3. d4 cxd4 4. Nxd4 g6 5. Nc3 Bg7 6. Nb3 d6 7. Be2 Nf6 8.
O-O O-O 9. Bg5 a6 10. Re1 b5 11. Bf1 h6 12. Bh4 Nd7 13. Rb1 Bb7 14. f4 Nb6 15.
a3 Re8 16. Nd5 Nxd5 17. exd5 Na5 18. Nxa5 Qxa5 19. Bxe7 Qc7 20. Bh4 Qc5+ 21.
Kh1 Bxd5 22. Qd2 Be4 23. Bd3 d5 24. c3 Qc8 25. Bxe4 dxe4 26. Rbd1 Qf5 27. h3
Rac8 28. Qf2 h5 29. Rd6 a5 30. Qd2 e3 31. Rxe3 Rxe3 32. Qxe3 Qb1+ 33. Kh2 Qxb2
34. Bd8 Qxc3 35. Qe8+ Bf8 36. Rxg6+ fxg6 37. Qxg6+ Qg7 38. Qe6+ Qf7 39. Qxc8
Qxf4+ 40. Kg1 Qe3+ 41. Kf1 Qf4+ 42. Ke2 Qe4+ 43. Kf1 a4 44. Bg5 b4 45. Bh6 Qe7
46. axb4 Qf6+ 47. Kg1 Qxh6 48. Qc4+ Kh8 49. Qd4+ Bg7 50. Qd8+ Kh7 51. Qd1 Qe3+
52. Kf1 Qf4+ 53. Kg1 0-1